Culture Générale - Série 1284 - Statistiques

Statistiques générales
  • Ce quiz a été pris 83 fois
  • Le résultat moyen est 5 sur 10
Statistiques - réponses
Question Réponse % Correct
D'où sont originaires les soldats qui assurent la sécurité du pape ? Suisse
87%
Dans quel département se trouve la ville d'Épinal, célèbre pour ses « images » ? Vosges
68%
Dans quel pays considère-t-on que les nouveau-nés ont un an ? Chine
67%
Dans quel pays d'Amérique du Sud peut-on admirer le Salto Ángel, plus haute chute d'eau du monde, avec une hauteur de 979 m.? Venezuela
61%
Dans quel pays a été tournée la trilogie du Seigneur des anneaux ? Nouvelle-Zélande
60%
Dans quel pays Jóhanna Sigurðardóttir a-t-elle succédé à Geir Haarde au poste de Premier ministre ? Islande
57%
Dans quel département français peut-on voir des tortues luth ? Guyane
47%
Dans quel jardin se trouve le plus vieux zoo de Paris ? jardin des plantes
47%
Dans quelle ville, arrosée par la Vistule, se dresse le Palais de la Culture et de la Science ? Varsovie
35%
Dans quel archipel se trouve l'atoll d'Eniwetok, où fut testée la première bombe H ? îles Marshall
5%
Aucun quiz correspondant
Distribution des résultats
% des personnes avec chaque résultat
Percentile par nombre de réponses
Votre historique - résultats
Vous n’avez pas pris ce quiz